| 000 | 00678nam a22002177a 4500 | ||
|---|---|---|---|
| 999 |
_c5212 _d5212 |
||
| 003 | AR-CdUCM | ||
| 008 | 190312b ||||| |||| 00| 0 spa d | ||
| 040 |
_aMUNICIPALIDAD PROVINCIAL DEL CUSCO _cBIBLIOTECA MUNICIPAL DEL CUSCO |
||
| 082 |
_22ed. _a869.40 / _bL318 |
||
| 100 |
_aLara, Jesus _915806 |
||
| 245 | _aÑancahuazu sueños / | ||
| 260 |
_aCochabamba : _bEdit. Los amigos del libro, _c1969. |
||
| 300 |
_a168 paginas ; _c19 cm. |
||
| 440 |
_aBiblioteca narradores bolivianos _915807 |
||
| 500 | _aDonación familia Nieto | ||
| 505 | _aContenido :Cuentos / | ||
| 650 |
_aLiteratura Boliviana _94271 |
||
| 650 |
_aCuentos _9217 |
||
| 942 |
_2ddc _cLIBROS |
||
| 945 | _arjall | ||